01618nam a2200409 i 450000100060000000300080000600500170001400600190003100700150005000800410006502000180010602000280012403500230015204000310017505000240020608000120023008200180024210000320026024501450029226400500043730000580048733600290054533700330057433800390060750000230064650400430066958800830071259001620079565000200095765000210097765500270099870000390102570000460106479700180111085600630112899900170119161981FINmELB20241217142222.0m o u cr cn|||||||||200210s2015 sp a ob 001 0 spa d z9786077411345 a9781512969924q(e-book) a(OCoLC) 1142954013 aFINmELBbspaerdacFINmELB14aRC280.B8bS669 2015 a616-00604a616.994492231 aSánchez Forgach, Ernesto.10aCáncer de mama :bactualidades y controversias /cErnesto R. Sánchez Forgach, Carlos Sánchez Basurto, Mauricio Alejandro Erazo Franco. 1aCiudad de México :bEditorial Alfil,c2015. a1 recurso en línea (707 páginas) :bilustraciones atextobtxt2rdamedia/spa acomputadorabc2rdamedia/spa arecurso en línea2rdacarrier/spa aContiene índice. aContiene referencias bibliográficas. aDescripción basada en metadatos suministrados por el editor y otras fuentes. aRecurso electrónico. Santa Fe, Arg.: elibro, 2019. Disponible vía World Wide Web. El acceso puede estar limitado para las bibliotecas afiliadas a elibro. 0aBreastxCancer. 4aMamasxCáncer. 4aLibros electrónicos.1 aSánchez Basurto, Carlos,eautor.1 aErazo Franco, Mauricio Alejandro,eautor.2 aelibro, Corp. uhttps://elibro.net/ereader/politecnicointernacional/117535 c61981d61981